Jim Henson's return to Labyrinth #1 / written by ... Read More
Available copies
- 1 of 1 copy available at LARL/NWRL Consortium. (Show)
- 1 of 1 copy available at Lake Agassiz Regional Library.
Current holds
0 current holds with 1 total copy.
Show Only Available Copies
| Location | Call Number / Copy Notes | Barcode | Shelving Location | Status | Due Date |
|---|---|---|---|---|---|
| Crookston Public Library | Y G FOR (Text) | 33500009111154 | Main | Available | - |
Record details
- ISBN: 9781598167252 (pbk.)
- ISBN: 1598167251 (pbk.)
- Physical Description: 149 p. : ill. ; 19 cm.
- Publisher: Los Angeles, Calif. : Tokyopop, 2006.
Content descriptions
| General Note: | "Based on the feature film 'Labyrinth,' directed by Jim Henson, story by Dennis Lee and Jim Henson, ... Read More |
| Target Audience Note: | T teenage 13+. |
Search for related items by subject
| Genre: | Graphic novels. Fantasy fiction. |
Search for related items by series
| LDR | 01561nam a2200385Ka 4500 | ||
|---|---|---|---|
| 001 | 76666 | ||
| 003 | LARL_NWRL_CONSORTIUM | ||
| 005 | 20170713211818.0 | ||
| 008 | 060831s2006 caua j 000 1 eng d | ||
| 020 | . | ‡a9781598167252 (pbk.) | |
| 020 | . | ‡a1598167251 (pbk.) | |
| 024 | 3 | . | ‡a9781598167252 |
| 035 | . | ‡a(OCoLC)71225385 | |
| 082 | 0 | 4. | ‡a741.5973 ‡222 |
| 100 | 1 | . | ‡aForbes, Jake. ‡0(LARL_NWRL_CONSORTIUM)190840 |
| 245 | 1 | 0. | ‡aJim Henson's return to Labyrinth ‡n#1 / ‡cwritten by Jake T. Forbes ; illustrated by Chris Lie ; cover art by Kouyu Shurei. |
| 246 | 3 | 0. | ‡aReturn to Labrinth |
| 260 | . | ‡aLos Angeles, Calif. : ‡bTokyopop, ‡c2006. | |
| 300 | . | ‡a149 p. : ‡bill. ; ‡c19 cm. | |
| 490 | 0 | . | ‡aJim Henson's return to Labyrinth ; ‡v1 |
| 490 | 0 | . | ‡aReturn to Labyrinth ; ‡v1 |
| 500 | . | ‡a"Based on the feature film 'Labyrinth,' directed by Jim Henson, story by Dennis Lee and Jim Henson, screenplay by Terry Jones"--T.p. | |
| 521 | 1 | . | ‡aT teenage 13+. |
| 655 | 0. | ‡aGraphic novels. | |
| 655 | 0. | ‡aFantasy fiction. | |
| 700 | 1 | . | ‡aHenson, Jim. ‡0(LARL_NWRL_CONSORTIUM)53819 |
| 700 | 1 | . | ‡aLie, Chris. ‡0(LARL_NWRL_CONSORTIUM)196648 |
| 700 | 1 | . | ‡aShurei, Kouyu. ‡0(LARL_NWRL_CONSORTIUM)202494 |
| 901 | . | ‡a76666 ‡bOCLC ‡c76666 ‡tbiblio | |

Add to basket
Permalink
Disable Highlighting